00847nam a22002055i 4500001000700000003000900007005001700016008004100033040002000074100003400094245016100128250005600289260006200345300002600407700003900433740006000472752002300532752002300555852006300578154276ES-MaACL20250724063418.0960617s1785 it |||| | lat d aCYL bspa cCYL1 aGenovesi, Antonio,d1713-176910aAntonii Genuensis in Regia Neapolitana Academia ... professoris Disciplinarum Metaphysicarum elementa b: mathematicum in morem adornata ... : tomus primus. aEditio novissima bab ipso auctore ... reformata... aBassani ; aprostant Venetiis : bapud Remondini, c1785. aXXIV, 299 p. ; c8ยบ.11aRemondini, Giuseppe,dfl.1773-181101aDisciplinarum Metaphysicarum elementa ... tomus primus. aItalia - dBassano aItalia - dVenecia aES-MaACLjR-894-98 z-- Enc. perg. x Olim: G-1263-67